<?xml version="1.0" encoding="UTF-8"?>
<marc:record xmlns:marc="http://www.loc.gov/MARC21/slim">
   <marc:leader>00000nam a2200000 a 4500</marc:leader>
   <marc:datafield ind1="0" ind2="0" tag="245">
      <marc:subfield code="a">Meister Mannys Werkzeugkiste</marc:subfield>
   </marc:datafield>
   <marc:datafield ind1="0" ind2="0" tag="245">
      <marc:subfield code="b">Jetzt wird gefeiert!</marc:subfield>
   </marc:datafield>
   <marc:datafield ind1=" " ind2="1" tag="264">
      <marc:subfield code="b">Walt Disney Studios Home Entertainment</marc:subfield>
      <marc:subfield code="c">2010</marc:subfield>
   </marc:datafield>
   <marc:datafield ind1="1" ind2=" " tag="490">
      <marc:subfield code="a">Meister Mannys Werkzeugkiste</marc:subfield>
   </marc:datafield>
   <marc:datafield ind1="1" ind2=" " tag="520">
      <marc:subfield code="a">Gemeinsam mit seinen fleißigen Werkzeugen, hilft Meister Manny bei den Vorbereitungen für eine echte mexikanische Fiesta. Sei dabei, wenn Mr. Lopart eine wunderbare Überraschung erhält und feiere mit Quetschi, Rosti und all ihren Freunden aus Sheet Rock Hills eine lustige Party.</marc:subfield>
   </marc:datafield>
   <marc:datafield ind1="3" ind2=" " tag="024">
      <marc:subfield code="a">8717418249083</marc:subfield>
   </marc:datafield>
</marc:record>
